[Event "EICC 2021"]
[Site "Reykjavik"]
[Date "2021.08.31"]
[Round "6.29"]
[White "Gavrilescu, David"]
[Black "Sivuk, Vitaly"]
[Result "1/2-1/2"]
[WhiteElo "2477"]
[BlackElo "2589"]
[Annotator "TA"]
[PlyCount "119"]
[EventDate "2021.08.26"]
[EventType "swiss"]
[EventCountry "ISL"]
[Tiebreak "Cut1 Buchholz"]
[SourceTitle "playchess.com"]
[Source "ChessBase"]
[SourceQuality "1"]

{[%evp 14,119,20,23,29,14,17,11,25,21,18,23,0,0,0,0,0,0,58,58,72,69,64,-108,
-102,-112,0,-7,0,-10,-10,-10,22,21,29,27,27,31,33,30,125,132,112,109,116,9,5,4,
10,0,0,0,48,47,54,46,47,10,11,10,12,13,82,48,70,58,107,86,87,80,81,83,73,41,64,
8,33,39,56,53,70,72,68,55,63,24,34,23,42,16,12,12,28,0,10,0,0,0,0,0,0,0,0,0,0,
0,0,0]} 1. e4 e6 2. d4 d5 3. e5 c5 4. c3 Nc6 5. Nf3 Bd7 6. Be2 Nge7 7. O-O Ng6
8. g3 Be7 {C02: French: Advance Variation.} 9. h4 cxd4 10. cxd4 O-O 11. h5 Nh8
12. Nc3 f6 13. exf6 Bxf6 14. Bf4 Be8 15. Ne5 {[#]} Qb6 $146 (15... Nf7 $11) ({
Predecessor:} 15... Nxe5 16. dxe5 Bg5 17. Bxg5 Qxg5 18. Bg4 Qe7 19. Ne2 Nf7 20.
Nf4 Bd7 21. Re1 Ng5 {1/2-1/2 (90) Rombaldoni,A (2539)-Kosic,D (2470) Reykjavik
2015}) 16. Nxc6 $14 Bxc6 17. Bg4 Rae8 18. Qe2 $2 (18. Bd6 $14 {keeps the upper
hand.}) 18... Nf7 $17 19. Bxe6 Bxd4 (19... Kh8 $17 20. Rae1 Nd8) 20. Rae1 $1
$11 Bd7 21. Bxf7+ Rxf7 22. Qd2 Ref8 {And now ...Bh3 would win.} 23. Nxd5 Qxb2
24. Qxb2 Bxb2 25. Rb1 Bc6 {[#]} 26. Bd6 $1 Rd8 (26... Re8 27. Ne7+) 27. Ne7+
$16 Kh8 28. Nxc6 (28. Rxb2 $6 Rxd6 29. Nxc6 Rxc6 $11) 28... Rxd6 {[#]} 29. Rfd1
Rxd1+ $11 30. Rxd1 {[%mdl 4096] Endgame Threatening mate with Rd8+. KRB-KRN} h6
$1 31. Nxa7 (31. Nb4 {is more complex.} Rf5 32. Rd5 Rxd5 33. Nxd5 g6 34. hxg6
Kg7 35. Kg2) 31... Rf5 $1 32. Rd7 b6 33. Nc8 Rxh5 34. Nxb6 Ra5 35. Rd2 Bc3 36.
Rc2 Bd4 37. Nc4 Rb5 (37... Ra4 $11 {remains equal.}) 38. Kf1 Rb1+ 39. Ke2 Ra1
40. Nd2 Ba7 41. Kd3 Kh7 42. Ne4 Rd1+ 43. Kc3 (43. Rd2 $5 {[%cal Rd2d1]} Re1 44.
Nc3 $16) 43... Kg6 44. Kb4 (44. g4 $14) 44... Kf5 45. f3 Rb1+ 46. Kc4 Rf1 47.
Rc3 g5 48. Ra3 Bb8 49. Ra5+ Be5 50. Nd2 Rf2 51. Kd3 {Threatens to win with Ke3.
} Ke6 52. Ra6+ Kd5 53. Ra5+ Ke6 {The position is equal.} 54. Ke3 Bxg3 55. Ne4
Rg2 56. Ra6+ Ke5 57. Nxg3 Rxg3 58. Rxh6 {aiming for Kf2.} g4 59. Rh5+ Kd6 60.
Ke4 {Weighted Error Value: White=0.16/Black=0.19} 1/2-1/2

[Event "EICC 2021"]
[Site "Reykjavik"]
[Date "2021.08.31"]
[Round "6.30"]
[White "Ivic, Velimir"]
[Black "Vogel, Roven"]
[Result "1-0"]
[WhiteElo "2571"]
[BlackElo "2441"]
[Annotator "TA"]
[PlyCount "57"]
[EventDate "2021.08.26"]
[EventType "swiss"]
[EventCountry "ISL"]
[Tiebreak "Cut1 Buchholz"]
[SourceTitle "playchess.com"]
[Source "ChessBase"]
[SourceQuality "1"]

{[%evp 18,57,23,26,47,47,78,56,54,85,96,100,111,99,147,134,201,155,161,152,178,
175,186,164,199,158,276,273,291,254,231,218,275,275,258,252,362,345,493,481,
522,530]} 1. d4 d5 2. c4 e6 3. Nc3 Nf6 4. Nf3 Be7 5. Bf4 O-O 6. e3 c5 7. dxc5
Bxc5 8. Qc2 Nc6 9. Rd1 Qa5 10. a3 h6 {10...Rd8 is the modern continuation. D37:
Queen's Gambit Declined: 5 Bf4.} 11. Be2 dxc4 12. Bxc4 Be7 {White is slightly
better.} 13. O-O {[#]} Nh5 $146 ({Predecessor:} 13... a6 14. Ba2 Qf5 15. Qxf5
exf5 16. Nd4 Nxd4 17. exd4 Rd8 18. Rfe1 Kf8 19. Bc7 Rd7 {1/2-1/2 (42) Indzhiev,
A (2109)-Zakaryan,D (2335) Moscow 2021}) 14. Bd6 Nf6 15. b4 Qh5 16. Bg3 e5 (
16... a6 $16 17. Be2 Qf5) 17. Be2 Bf5 18. Qb2 $36 {[%mdl 2048] Keeping Black
busy.} Bg4 19. h3 Bxf3 20. Bxf3 Qf5 21. Nd5 Rae8 (21... Nxd5 $16 22. Bxd5 Rfe8)
22. b5 $18 Nb8 23. Nxf6+ ({Don't play} 23. Qxe5 $6 Qxe5 24. Bxe5 Nxd5 $18)
23... Bxf6 24. Bxb7 Re7 25. Bd5 Nd7 26. Qb4 Rc8 (26... Nb6 {is a better
defense.} 27. Be4 Qe6) 27. Bb7 Rb8 (27... Rc7 {was called for.}) 28. Be4 Qe6
29. Rd6 {Weighted Error Value: White=0.08/Black=0.43} 1-0

[Event "EICC 2021"]
[Site "Reykjavik"]
[Date "2021.08.31"]
[Round "6.31"]
[White "Petenyi, Tamas"]
[Black "Can, Emre"]
[Result "1/2-1/2"]
[WhiteElo "2463"]
[BlackElo "2569"]
[Annotator "TA"]
[PlyCount "73"]
[EventDate "2021.08.26"]
[EventType "swiss"]
[EventCountry "ISL"]
[Tiebreak "Cut1 Buchholz"]
[SourceTitle "playchess.com"]
[Source "ChessBase"]
[SourceQuality "1"]

{[%evp 16,73,32,32,27,35,31,25,37,34,34,28,28,8,15,7,24,4,15,-8,0,0,0,-5,21,17,
23,0,0,-11,0,0,9,-74,62,71,98,79,126,115,120,118,144,97,94,9,8,10,0,0,0,-3,0,
-4,0,0,8,8,12,14]} 1. e4 c5 2. Nf3 d6 3. d4 cxd4 4. Nxd4 Nf6 5. Nc3 a6 6. Be3
e5 7. Nb3 Be6 8. f3 Nc6 9. Qd2 d5 {B90: Sicilian Najdorf: Unusual White 6th
moves, 6 Be3 Ng4 and 6 Be3 e5.} 10. exd5 Nxd5 11. Nxd5 Qxd5 {White has an edge.
} 12. Qxd5 Bxd5 13. O-O-O O-O-O 14. Bd3 g6 15. c3 {[#]} Kc7 $146 ({Predecessor:
} 15... f5 16. Bc2 Bf7 17. Rxd8+ Nxd8 18. g4 fxg4 19. fxg4 Bd5 20. Rd1 Bf3 21.
Rg1 Bd5 {1/2-1/2 (43) Calio,M (2330)-Hildebrand,G (2323) ICCF email 2016}) 16.
Bc2 Be7 17. Rd2 b6 18. Rhd1 Be6 19. Rxd8 Bxd8 20. Nd2 Ne7 21. Bg5 {next Bf6 is
good for White.} Nd5 22. Ne4 h6 23. Bd2 f5 24. Bb3 Kc6 ({Black should play} 
24... fxe4 $17 25. fxe4 {[#]} Bg4 $1 26. Bxd5 Bxd1 27. Kxd1 Rf8) 25. Nf2 $14
Bc7 26. Re1 Bf7 27. Nd3 Re8 28. Bxh6 Bd6 29. Bd2 e4 30. Nf2 (30. fxe4 $16 Rxe4
31. g3) 30... exf3 $11 {The position is equal.} 31. Rxe8 Bxe8 32. gxf3 Bxh2 33.
Nh3 Bd6 34. Kd1 Bc5 35. Ke2 Kd6 36. Nf4 Nxf4+ 37. Bxf4+ {Weighted Error Value:
White=0.18/Black=0.16} 1/2-1/2

[Event "EICC 2021"]
[Site "Reykjavik"]
[Date "2021.08.31"]
[Round "6.32"]
[White "Hillarp Persson, Tiger"]
[Black "Juksta, Karolis"]
[Result "1/2-1/2"]
[WhiteElo "2543"]
[BlackElo "2438"]
[Annotator "ChessBase"]
[PlyCount "101"]
[EventDate "2021.08.26"]
[EventType "swiss"]
[EventCountry "ISL"]
[Tiebreak "Cut1 Buchholz"]
[SourceTitle "playchess.com"]
[Source "ChessBase"]
[SourceQuality "1"]
[TimeControl "40/5400+30:1800+30"]

1. Nf3 {[%emt 0:00:03]} d5 {[%emt 0:00:21]} 2. g3 {[%emt 0:00:09]} Bg4 {
[%emt 0:01:42]} 3. Bg2 {[%emt 0:00:22]} Nd7 {[%emt 0:00:37]} 4. c4 {[%emt 0:04:
34]} e6 {[%emt 0:01:46]} 5. d4 {[%emt 0:03:39]} c6 {[%emt 0:05:46]} 6. Nc3 {
[%emt 0:05:32]} Ngf6 {[%emt 0:09:25]} 7. Qb3 {[%emt 0:03:05]} Qb6 {[%emt 0:01:
59]} 8. c5 {[%emt 0:00:08]} Qa6 {[%emt 0:04:36]} 9. Qd1 {[%emt 0:02:30]} e5 {
[%emt 0:21:14]} 10. Nxe5 {[%emt 0:15:58]} Nxe5 {[%emt 0:00:51]} 11. dxe5 {
[%emt 0:00:10]} Nd7 {[%emt 0:02:44]} 12. Qd4 {[%emt 0:06:09]} Qc4 {[%emt 0:09:
43]} 13. Qxc4 {[%emt 0:01:39]} dxc4 {[%emt 0:00:04]} 14. f4 {[%emt 0:02:19]}
Nxc5 {[%emt 0:12:09]} 15. Be3 {[%emt 0:03:04]} Be6 {[%emt 0:07:22]} 16. O-O {
[%emt 0:21:00]} f5 {[%emt 0:00:35]} 17. exf6 {[%emt 0:01:02]} gxf6 {[%emt 0:00:
05]} 18. f5 {[%emt 0:14:51]} Bf7 {[%emt 0:00:39]} 19. b4 {[%emt 0:00:14]} cxb3
{[%emt 0:03:45]} 20. axb3 {[%emt 0:00:12]} Nxb3 {[%emt 0:01:58]} 21. Rxa7 {
[%emt 0:03:57]} Rxa7 {[%emt 0:00:08]} 22. Bxa7 {[%emt 0:00:05]} Bc5+ {[%emt 0:
02:55]} 23. Bxc5 {[%emt 0:00:11]} Nxc5 {[%emt 0:00:03]} 24. Rc1 {[%emt 0:00:20]
} Ke7 {[%emt 0:06:29]} 25. Kf2 {[%emt 0:00:29]} Rc8 {[%emt 0:01:46]} 26. Ke3 {
[%emt 0:01:04]} b5 {[%emt 0:01:32]} 27. Rb1 {[%emt 0:00:36]} Kd6 {[%emt 0:01:
02]} 28. g4 {[%emt 0:02:33]} Rb8 {[%emt 0:01:41]} 29. Rd1+ {[%emt 0:00:31]} Kc7
{[%emt 0:00:07]} 30. Rc1 {[%emt 0:00:11]} Kb6 {[%emt 0:01:21]} 31. h4 {[%emt 0:
00:34]} h6 {[%emt 0:00:34]} 32. Rb1 {[%emt 0:02:25]} Kc7 {[%emt 0:00:12]} 33.
Rb4 {[%emt 0:00:54]} Bc4 {[%emt 0:00:32]} 34. Ne4 {[%emt 0:00:45]} Nxe4 {
[%emt 0:00:51]} 35. Bxe4 {[%emt 0:00:07]} Rg8 {[%emt 0:00:54]} 36. Bf3 {
[%emt 0:00:26]} Kd6 {[%emt 0:00:28]} 37. Kf4 {[%emt 0:00:06]} Ra8 {[%emt 0:00:
28]} 38. Rb1 {[%emt 0:00:32]} Kc5 {[%emt 0:00:28]} 39. g5 {[%emt 0:00:30]}
hxg5+ {[%emt 0:00:12]} 40. hxg5 {[%emt 0:00:07]} fxg5+ {[%emt 0:00:33]} 41.
Kxg5 {[%emt 0:30:09]} b4 {[%emt 0:21:09]} 42. Bxc6 {[%emt 0:00:00]} Kxc6 {
[%emt 0:02:08]} 43. Rxb4 {[%emt 0:00:00]} Bxe2 {[%emt 0:00:05]} 44. Rd4 {
[%emt 0:00:00]} Bf3 {[%emt 0:01:13]} 45. f6 {[%emt 0:00:00]} Bd5 {[%emt 0:01:
24]} 46. Kg6 {[%emt 0:00:00]} Rd8 {[%emt 0:03:56]} 47. Rf4 {[%emt 0:00:00]} Kd6
{[%emt 0:01:05]} 48. f7 {[%emt 0:00:00]} Rf8 {[%emt 0:00:21]} 49. Rd4 {[%emt 0:
00:00]} Rxf7 {[%emt 0:00:12]} 50. Rxd5+ {[%emt 0:00:00]} Kxd5 {[%emt 0:00:03]}
51. Kxf7 {[%emt 0:00:13]} 1/2-1/2

[Event "EICC 2021"]
[Site "Reykjavik"]
[Date "2021.08.31"]
[Round "6.33"]
[White "Petkov, Momchil"]
[Black "Basso, Pier Luigi"]
[Result "1/2-1/2"]
[WhiteElo "2443"]
[BlackElo "2541"]
[Annotator "ChessBase"]
[PlyCount "69"]
[EventDate "2021.08.26"]
[EventType "swiss"]
[EventCountry "ISL"]
[Tiebreak "Cut1 Buchholz"]
[SourceTitle "playchess.com"]
[Source "ChessBase"]
[SourceQuality "1"]
[TimeControl "40/5400+30:1800+30"]

1. e4 {[%emt 0:00:08]} e5 {[%emt 0:00:10]} 2. Nf3 {[%emt 0:00:07]} Nf6 {
[%emt 0:00:05]} 3. d4 {[%emt 0:00:18]} Nxe4 {[%emt 0:00:08]} 4. Bd3 {[%emt 0:
00:20]} d5 {[%emt 0:02:11]} 5. Nxe5 {[%emt 0:00:25]} Nd7 {[%emt 0:04:55]} 6.
O-O {[%emt 0:00:33]} Nxe5 {[%emt 0:02:14]} 7. dxe5 {[%emt 0:00:12]} Nc5 {
[%emt 0:01:23]} 8. Be3 {[%emt 0:00:21]} c6 {[%emt 0:02:13]} 9. f4 {[%emt 0:01:
01]} Nxd3 {[%emt 0:01:16]} 10. Qxd3 {[%emt 0:02:37]} g6 {[%emt 0:01:03]} 11.
Nc3 {[%emt 0:01:17]} Qa5 {[%emt 0:04:24]} 12. Ne2 {[%emt 0:31:25]} Bf5 {
[%emt 0:01:08]} 13. Qd1 {[%emt 0:03:42]} O-O-O {[%emt 0:04:49]} 14. Nd4 {
[%emt 0:03:32]} Be4 {[%emt 0:01:07]} 15. Nb3 {[%emt 0:03:48]} Qa4 {[%emt 0:08:
39]} 16. Rf2 {[%emt 0:02:24]} b6 {[%emt 0:04:18]} 17. c3 {[%emt 0:03:42]} Be7 {
[%emt 0:06:10]} 18. Qe2 {[%emt 0:05:00]} h5 {[%emt 0:03:47]} 19. f5 {[%emt 0:
06:35]} Bxf5 {[%emt 0:11:56]} 20. Nd4 {[%emt 0:00:27]} c5 {[%emt 0:15:25]} 21.
Nxf5 {[%emt 0:03:08]} gxf5 {[%emt 0:00:03]} 22. Rxf5 {[%emt 0:00:26]} Rh7 {
[%emt 0:06:21]} 23. Qf3 {[%emt 0:11:38]} Qg4 {[%emt 0:01:12]} 24. Rf1 {[%emt 0:
01:35]} Qxf3 {[%emt 0:00:06]} 25. R1xf3 {[%emt 0:00:13]} d4 {[%emt 0:00:58]}
26. Bd2 {[%emt 0:02:59]} dxc3 {[%emt 0:01:20]} 27. Bxc3 {[%emt 0:00:05]} Rd1+ {
[%emt 0:00:32]} 28. Kf2 {[%emt 0:01:00]} Kd7 {[%emt 0:02:19]} 29. Rxf7 {
[%emt 0:01:28]} Rxf7 {[%emt 0:00:06]} 30. Rxf7 {[%emt 0:00:14]} Ke6 {[%emt 0:
00:25]} 31. Rh7 {[%emt 0:01:41]} b5 {[%emt 0:01:33]} 32. Rh6+ {[%emt 0:03:15]}
Kd5 {[%emt 0:03:59]} 33. Rh7 {[%emt 0:00:56]} Ke6 {[%emt 0:00:04]} 34. Rh6+ {
[%emt 0:00:05]} Kd5 {[%emt 0:03:00]} 35. Rh7 {[%emt 0:03:57]} 1/2-1/2

[Event "EICC 2021"]
[Site "Reykjavik"]
[Date "2021.08.31"]
[Round "6.34"]
[White "Plat, Vojtech"]
[Black "Sokolovsky, Yahli"]
[Result "1/2-1/2"]
[WhiteElo "2531"]
[BlackElo "2415"]
[Annotator "ChessBase"]
[PlyCount "75"]
[EventDate "2021.08.26"]
[EventType "swiss"]
[EventCountry "ISL"]
[Tiebreak "Cut1 Buchholz"]
[SourceTitle "playchess.com"]
[Source "ChessBase"]
[SourceQuality "1"]
[TimeControl "40/5400+30:1800+30"]

1. d4 {[%emt 0:00:04]} Nf6 {[%emt 0:00:11]} 2. Nf3 {[%emt 0:00:04]} g6 {
[%emt 0:00:04]} 3. e3 {[%emt 0:00:18]} Bg7 {[%emt 0:00:30]} 4. c4 {[%emt 0:00:
08]} d6 {[%emt 0:00:53]} 5. Nc3 {[%emt 0:00:13]} O-O {[%emt 0:05:17]} 6. Be2 {
[%emt 0:00:04]} Bf5 {[%emt 0:01:25]} 7. O-O {[%emt 0:00:12]} Ne4 {[%emt 0:01:
18]} 8. Nxe4 {[%emt 0:02:31]} Bxe4 {[%emt 0:00:05]} 9. Bd2 {[%emt 0:00:10]} c5
{[%emt 0:07:33]} 10. Bc3 {[%emt 0:00:19]} Nc6 {[%emt 0:01:14]} 11. Qd2 {
[%emt 0:03:23]} e5 {[%emt 0:11:55]} 12. d5 {[%emt 0:02:09]} Bxf3 {[%emt 0:03:
03]} 13. Bxf3 {[%emt 0:00:12]} Nb8 {[%emt 0:02:58]} 14. Bd1 {[%emt 0:01:05]}
Nd7 {[%emt 0:01:58]} 15. Ba4 {[%emt 0:00:10]} Nb6 {[%emt 0:02:58]} 16. Bb3 {
[%emt 0:00:12]} f5 {[%emt 0:02:10]} 17. f3 {[%emt 0:01:25]} f4 {[%emt 0:04:37]}
18. exf4 {[%emt 0:00:29]} Rxf4 {[%emt 0:04:00]} 19. g3 {[%emt 0:00:06]} Rf7 {
[%emt 0:02:48]} 20. a4 {[%emt 0:05:15]} a5 {[%emt 0:06:03]} 21. Rae1 {[%emt 0:
02:49]} Qd7 {[%emt 0:07:27]} 22. Qd1 {[%emt 0:08:37]} Nc8 {[%emt 0:01:04]} 23.
Bc2 {[%emt 0:02:39]} Ne7 {[%emt 0:00:38]} 24. Be4 {[%emt 0:03:52]} Nf5 {
[%emt 0:02:16]} 25. b3 {[%emt 0:00:12]} Bh6 {[%emt 0:02:37]} 26. Qd3 {[%emt 0:
00:26]} b6 {[%emt 0:01:33]} 27. Kg2 {[%emt 0:00:12]} Raf8 {[%emt 0:01:15]} 28.
Rh1 {[%emt 0:00:14]} Qd8 {[%emt 0:03:21]} 29. h4 {[%emt 0:01:12]} Qf6 {[%emt 0:
08:54]} 30. Bb2 {[%emt 0:03:26]} Ng7 {[%emt 0:07:39]} 31. g4 {[%emt 0:00:43]}
Bf4 {[%emt 0:00:56]} 32. h5 {[%emt 0:00:38]} Nf5 {[%emt 0:01:08]} 33. hxg6 {
[%emt 0:00:58]} hxg6 {[%emt 0:01:26]} 34. gxf5 {[%emt 0:02:36]} gxf5 {[%emt 0:
02:24]} 35. Reg1 {[%emt 0:00:08]} fxe4 {[%emt 0:00:39]} 36. Qxe4 {[%emt 0:00:
41]} Rg7+ {[%emt 0:00:56]} 37. Kf2 {[%emt 0:00:05]} Qf5 {[%emt 0:00:24]} 38.
Qxf5 {[%emt 0:00:47]} 1/2-1/2

[Event "EICC 2021"]
[Site "Reykjavik"]
[Date "2021.08.31"]
[Round "6.35"]
[White "Petrov, Martin"]
[Black "Subelj, Jan"]
[Result "1/2-1/2"]
[WhiteElo "2521"]
[BlackElo "2412"]
[Annotator "ChessBase"]
[PlyCount "77"]
[EventDate "2021.08.26"]
[EventType "swiss"]
[EventCountry "ISL"]
[Tiebreak "Cut1 Buchholz"]
[SourceTitle "playchess.com"]
[Source "ChessBase"]
[SourceQuality "1"]
[TimeControl "40/5400+30:1800+30"]

1. e4 {[%emt 0:00:26]} e5 {[%emt 0:01:00]} 2. Nf3 {[%emt 0:00:09]} Nc6 {
[%emt 0:00:12]} 3. Bc4 {[%emt 0:00:31]} Nf6 {[%emt 0:00:42]} 4. d3 {[%emt 0:00:
48]} Bc5 {[%emt 0:01:11]} 5. O-O {[%emt 0:00:21]} d6 {[%emt 0:00:44]} 6. c3 {
[%emt 0:00:26]} h6 {[%emt 0:00:46]} 7. Re1 {[%emt 0:01:00]} O-O {[%emt 0:01:58]
} 8. Nbd2 {[%emt 0:01:31]} a5 {[%emt 0:00:53]} 9. Nf1 {[%emt 0:00:50]} a4 {
[%emt 0:01:37]} 10. h3 {[%emt 0:01:48]} Ra5 {[%emt 0:01:07]} 11. Ng3 {[%emt 0:
01:34]} b5 {[%emt 0:04:02]} 12. b4 {[%emt 0:00:07]} axb3 {[%emt 0:19:33]} 13.
Bxb3 {[%emt 0:00:11]} Bb6 {[%emt 0:02:17]} 14. d4 {[%emt 0:08:23]} Ra8 {
[%emt 0:02:56]} 15. Be3 {[%emt 0:15:33]} Bd7 {[%emt 0:14:28]} 16. Qc1 {[%emt 0:
10:08]} Kh7 {[%emt 0:01:44]} 17. Bc2 {[%emt 0:02:58]} Re8 {[%emt 0:06:47]} 18.
Rd1 {[%emt 0:08:23]} Na5 {[%emt 0:03:36]} 19. dxe5 {[%emt 0:19:39]} Bxe3 {
[%emt 0:02:21]} 20. Qxe3 {[%emt 0:00:07]} Nc4 {[%emt 0:00:24]} 21. Qe2 {
[%emt 0:01:21]} dxe5 {[%emt 0:01:28]} 22. Bb3 {[%emt 0:04:26]} Nd6 {[%emt 0:02:
07]} 23. Rd2 {[%emt 0:02:56]} Qe7 {[%emt 0:01:21]} 24. Rad1 {[%emt 0:00:06]} g6
{[%emt 0:00:38]} 25. Nh2 {[%emt 0:07:53]} Bc6 {[%emt 0:05:00]} 26. Ng4 {
[%emt 0:02:54]} Ndxe4 27. Nxe4 {[%emt 0:01:18]} Nxe4 {[%emt 0:01:39]} 28. Qe3 {
[%emt 0:00:11]} Qg5 {[%emt 0:00:40]} 29. Rd7 {[%emt 0:05:04]} Bxd7 {[%emt 0:01:
10]} 30. Rxd7 Qxe3 31. Rxf7+ Kh8 32. fxe3 {[%emt 0:00:03]} h5 33. Nh6 {[%emt 0:
00:06]} Ng5 {[%emt 0:00:11]} 34. Rxc7 {[%emt 0:00:12]} Ne4 {[%emt 0:00:02]} 35.
Rf7 {[%emt 0:00:34]} Nd6 {[%emt 0:00:07]} 36. Rc7 Nc4 {[%emt 0:00:01]} 37. Nf7+
{[%emt 0:00:02]} Kg8 38. Nh6+ Kh8 39. Rd7 {[%emt 0:00:05]} 1/2-1/2

[Event "EICC 2021"]
[Site "Reykjavik"]
[Date "2021.08.31"]
[Round "6.36"]
[White "Ferreira, Jorge Viterbo"]
[Black "D`Costa, Lorin"]
[Result "1-0"]
[WhiteElo "2520"]
[BlackElo "2381"]
[Annotator "ChessBase"]
[PlyCount "97"]
[EventDate "2021.08.26"]
[EventType "swiss"]
[EventCountry "ISL"]
[Tiebreak "Cut1 Buchholz"]
[SourceTitle "playchess.com"]
[Source "ChessBase"]
[SourceQuality "1"]
[TimeControl "40/5400+30:1800+30"]

1. e4 {[%emt 0:00:03]} c6 {[%emt 0:01:03]} 2. d4 {[%emt 0:00:12]} d5 {[%emt 0:
00:08]} 3. Nd2 {[%emt 0:00:10]} Qc7 {[%emt 0:02:16]} 4. Bd3 {[%emt 0:02:31]}
dxe4 {[%emt 0:01:59]} 5. Nxe4 {[%emt 0:02:47]} Bf5 {[%emt 0:00:58]} 6. Qf3 {
[%emt 0:11:23]} Bxe4 {[%emt 0:09:11]} 7. Bxe4 {[%emt 0:06:05]} Nf6 {[%emt 0:01:
56]} 8. Bf4 {[%emt 0:03:16]} Qa5+ {[%emt 0:05:49]} 9. Bd2 {[%emt 0:01:08]} Qb6
{[%emt 0:00:59]} 10. Ne2 {[%emt 0:05:42]} Nbd7 {[%emt 0:05:14]} 11. Bd3 {
[%emt 0:08:03]} g6 {[%emt 0:03:02]} 12. O-O {[%emt 0:06:53]} Bg7 {[%emt 0:03:
40]} 13. a4 {[%emt 0:07:03]} O-O {[%emt 0:14:00]} 14. a5 {[%emt 0:00:30]} Qc7 {
[%emt 0:01:13]} 15. a6 {[%emt 0:04:39]} b5 {[%emt 0:06:41]} 16. Bf4 {[%emt 0:
04:03]} Qb6 {[%emt 0:13:36]} 17. c3 {[%emt 0:09:39]} Rae8 {[%emt 0:05:03]} 18.
Rfe1 {[%emt 0:02:02]} Nd5 {[%emt 0:17:40]} 19. Be4 {[%emt 0:00:25]} N7f6 {
[%emt 0:00:21]} 20. Be5 {[%emt 0:00:58]} Nxe4 {[%emt 0:01:08]} 21. Qxe4 {
[%emt 0:00:08]} Rd8 {[%emt 0:01:27]} 22. Bxg7 {[%emt 0:01:40]} Kxg7 {[%emt 0:
00:01]} 23. Nc1 {[%emt 0:00:22]} Nf6 {[%emt 0:02:01]} 24. Qe3 {[%emt 0:02:43]}
Nd5 {[%emt 0:01:14]} 25. Qe5+ {[%emt 0:00:43]} f6 {[%emt 0:00:55]} 26. Qg3 {
[%emt 0:00:53]} c5 {[%emt 0:00:28]} 27. dxc5 {[%emt 0:01:19]} Qxc5 {[%emt 0:00:
05]} 28. Nb3 {[%emt 0:00:09]} Qb6 {[%emt 0:00:27]} 29. Qf3 {[%emt 0:05:41]}
Rfe8 {[%emt 0:01:47]} 30. Red1 {[%emt 0:07:29]} e6 {[%emt 0:00:10]} 31. g3 {
[%emt 0:00:58]} Rd6 {[%emt 0:00:16]} 32. Na5 {[%emt 0:00:38]} Qc7 {[%emt 0:00:
50]} 33. Nb7 {[%emt 0:01:37]} Rb6 {[%emt 0:00:36]} 34. b4 {[%emt 0:00:46]} Nxc3
{[%emt 0:00:42]} 35. Rac1 {[%emt 0:02:56]} Rc6 {[%emt 0:00:19]} 36. Kg2 {
[%emt 0:00:24]} Nd5 {[%emt 0:00:30]} 37. Nc5 {[%emt 0:00:13]} Re7 {[%emt 0:00:
43]} 38. Qe2 {[%emt 0:01:08]} Kf7 {[%emt 0:00:27]} 39. Qxb5 {[%emt 0:00:32]}
Qb6 {[%emt 0:00:27]} 40. Qa4 {[%emt 0:02:07]} Rec7 {[%emt 0:00:36]} 41. Rd4 {
[%emt 0:03:24]} Rd6 {[%emt 0:11:55]} 42. Kg1 {[%emt 0:10:55]} Qc6 {[%emt 0:09:
28]} 43. b5 {[%emt 0:03:18]} Qe8 {[%emt 0:01:55]} 44. Rdc4 {[%emt 0:01:05]} Re7
{[%emt 0:05:00]} 45. Nb7 {[%emt 0:00:51]} Rb6 {[%emt 0:02:39]} 46. Rc8 {
[%emt 0:00:10]} Qd7 {[%emt 0:00:18]} 47. Rd8 {[%emt 0:00:06]} Rxb7 {[%emt 0:00:
53]} 48. axb7 {[%emt 0:00:47]} Qxd8 {[%emt 0:00:43]} 49. Rc8 {[%emt 0:00:08]}
1-0

[Event "EICC 2021"]
[Site "Reykjavik"]
[Date "2021.08.31"]
[Round "6.37"]
[White "Baltag, Iulian"]
[Black "Hjartarson, Johann"]
[Result "1/2-1/2"]
[WhiteElo "2410"]
[BlackElo "2519"]
[Annotator "ChessBase"]
[PlyCount "63"]
[EventDate "2021.08.26"]
[EventType "swiss"]
[EventCountry "ISL"]
[Tiebreak "Cut1 Buchholz"]
[SourceTitle "playchess.com"]
[Source "ChessBase"]
[SourceQuality "1"]
[TimeControl "40/5400+30:1800+30"]

1. e4 {[%emt 0:00:03]} c5 {[%emt 0:00:53]} 2. Nf3 {[%emt 0:00:15]} e6 {[%emt 0:
00:08]} 3. g3 {[%emt 0:01:05]} Nc6 {[%emt 0:00:40]} 4. Bg2 {[%emt 0:00:32]} Nf6
{[%emt 0:00:20]} 5. Qe2 {[%emt 0:00:35]} e5 {[%emt 0:00:46]} 6. c3 {[%emt 0:00:
21]} d6 {[%emt 0:01:21]} 7. O-O {[%emt 0:00:26]} Be7 {[%emt 0:00:20]} 8. Rd1 {
[%emt 0:00:38]} O-O {[%emt 0:10:18]} 9. d4 {[%emt 0:02:36]} cxd4 {[%emt 0:06:
17]} 10. cxd4 {[%emt 0:00:39]} Bg4 {[%emt 0:00:12]} 11. dxe5 {[%emt 0:00:12]}
Nxe5 {[%emt 0:00:07]} 12. h3 {[%emt 0:00:41]} Nxf3+ {[%emt 0:00:55]} 13. Bxf3 {
[%emt 0:00:11]} Bxf3 {[%emt 0:02:47]} 14. Qxf3 {[%emt 0:00:13]} Qc8 {[%emt 0:
00:24]} 15. Kg2 {[%emt 0:00:31]} Qe6 {[%emt 0:09:17]} 16. Nc3 {[%emt 0:01:16]}
Rfc8 {[%emt 0:06:19]} 17. Be3 {[%emt 0:06:51]} a6 {[%emt 0:05:56]} 18. Bd4 {
[%emt 0:07:36]} b5 {[%emt 0:02:32]} 19. Rd2 {[%emt 0:00:56]} Nd7 {[%emt 0:08:
26]} 20. Nd5 {[%emt 0:13:12]} Bf8 {[%emt 0:07:05]} 21. a4 {[%emt 0:03:07]} bxa4
{[%emt 0:02:47]} 22. Rxa4 {[%emt 0:01:03]} Nc5 {[%emt 0:03:37]} 23. Bxc5 {
[%emt 0:01:03]} dxc5 {[%emt 0:00:22]} 24. Qg4 {[%emt 0:01:57]} Qc6 {[%emt 0:01:
42]} 25. Ra3 {[%emt 0:02:02]} Re8 {[%emt 0:01:24]} 26. Rf3 {[%emt 0:10:07]} Re6
{[%emt 0:02:01]} 27. Qf4 {[%emt 0:01:29]} Ra7 {[%emt 0:02:38]} 28. Rb3 {
[%emt 0:05:55]} Rb7 {[%emt 0:01:14]} 29. Rxb7 {[%emt 0:09:32]} Qxb7 {[%emt 0:
00:13]} 30. Nc3 {[%emt 0:00:43]} g6 {[%emt 0:05:27]} 31. Kh2 {[%emt 0:02:44]}
h6 {[%emt 0:03:31]} 32. Qe3 {[%emt 0:01:47]} 1/2-1/2